| 000 | 00956nam a2200289 i 4500 | ||
|---|---|---|---|
| 001 | bgj | ||
| 100 | 1 | _aUNDERWOOD, Mary. | |
| 245 | 1 | 0 |
_aTeaching Listening / _cMary Underwood ; Joanne Kenworthy and Michael Rost, consultant editors. |
| 250 | _a[4th impr.]. | ||
| 260 |
_aLondon : _bLongman, _c1994 _aNew York. |
||
| 300 |
_aIX, 117 pp : _bill. ; _c25 cm. |
||
| 490 | 1 | _aLongman Handbooks for Language Teachers | |
| 504 | _aBibliography p. 115. | ||
| 505 | _aIncludes index. | ||
| 650 | 9 |
_aEnglish language _xStudy and teaching _xForeign speakers |
|
| 650 | 9 |
_aEnglish language _xSpoken English |
|
| 650 | 9 |
_aListening _xStudy and teaching |
|
| 700 | 1 |
_aKENWORTHY, Joanne. _econs. ed. |
|
| 700 | 1 |
_aROST, Michael. _econs. ed. |
|
| 830 | _aLongman Handbooks for Language Teachers | ||
| 020 | _a0582746191 (pbk) | ||
| 040 | _cBPK | ||
| 041 | 0 | _aeng | |
| 920 | _a0-582-74619-1 (pbk) | ||
| 942 | _cKS | ||
| 008 | s uk f |000 0 eng | ||
| 999 |
_c48095 _d48095 |
||
| 856 |
_uhttp://koha.tu.koszalin.pl/cgi-bin/koha/opac-detail.pl?biblionumber=48095 _yKatalog online BPK |
||